[Event "Olympiad Women 2024"]
[Site "Budapest HUN"]
[Date "2024.09.16"]
[Round "6.14"]
[Board "3"]
[White "Ozturk Orenli, Kubra"]
[Black "Janzelj, Lara"]
[Result "0-1"]
[WhiteElo "2262"]
[BlackElo "2193"]
[PlyCount "92"]
[EventDate "2024.09.11"]
[WhiteTeam "Turkiye"]
[BlackTeam "Slovenia"]
[BlackTeamCountry "SLO"]

1. d4 d5 2. c4 c6 3. Nf3 Nf6 4. Nc3 dxc4 5. a4 Bf5 6. Ne5 Nbd7 7. Nxc4 Qc7 8. g3 e5 9. dxe5 Nxe5 10. Bf4 Nfd7 11. Bg2 g5 12. Ne3 gxf4 13. Nxf5 O-O-O 14. Qc2 Bc5 15. O-O-O fxg3 16. hxg3 Kb8 17. e3 Qa5 18. Ne4 Bb4 19. Kb1 $146 ({RR} 19. f4 Nd3+ 20. Qxd3 Qxf5 21. Bh3 Qg6 22. Bxd7 Rxd7 23. Qxd7 Qxe4 24. Qd4 Qxd4 25. Rxd4 Bc5 26. Rd3 Rg8 27. e4 Bf2 {1-0 Pererva,V (2080)-Fromm,M (1988) Mecklenburg VP VL1819 2018 (6.2)}) 19... Nb6 20. Ned6 Rd7 21. Rd4 Rhd8 22. Rhd1 Bc5 23. R4d2 Qb4 24. Ne4 Nec4 25. Rxd7 Rxd7 26. Kc1 Rxd1+ 27. Kxd1 Nxb2+ 28. Ke2 N6xa4 29. g4 Qb5+ 30. Kf3 a5 31. Kg3 Bb6 32. Ned6 Qe5+ 33. f4 Qe6 34. Ne4 h5 35. Ng5 Qg6 36. Qe4 f6 37. Qe7 fxg5 38. Nd6 gxf4+ 39. Kh2 Bc7 40. Ne8 Bb6 41. Nd6 Nc5 42. Qf8+ Ka7 43. Bf1 Nbd3 44. e4 Qxg4 45. Nc8+ Ka6 46. Nxb6 Qh4+ 0-1

[Event "Olympiad Women 2024"]
[Site "Budapest HUN"]
[Date "2024.09.16"]
[Round "6.14"]
[Board "4"]
[White "Vidic, Teja"]
[Black "Aydin, Gulenay"]
[Result "0-1"]
[WhiteElo "2128"]
[BlackElo "2202"]
[PlyCount "118"]
[EventDate "2024.09.11"]
[WhiteTeam "Slovenia"]
[BlackTeam "Turkiye"]
[WhiteTeamCountry "SLO"]

1. e4 c5 2. Nc3 e6 3. Nge2 Nc6 4. g3 Nf6 5. Bg2 d6 6. d4 cxd4 7. Nxd4 Bd7 8. O-O Be7 9. Nxc6 ({RR} 9. Re1 Nxd4 10. Qxd4 O-O 11. h3 Qc7 12. Be3 b5 13. a3 Bc6 14. Rad1 Rfd8 15. g4 d5 16. e5 Nd7 17. f4 a5 18. Qd2 Nc5 19. Qf2 Be8 20. f5 b4 21. axb4 axb4 22. Ne2 Ne4 23. Bxe4 dxe4 {1-0 Aydin,G (1975)-Hrebenshchykova,Y (2159) TUR-UKR Friendship U20 rapid 2021 (1.1)}) 9... Bxc6 10. Bf4 ({RR} 10. Qe2 O-O 11. Rd1 Nd7 12. Nb5 Bxb5 13. Qxb5 Qc7 14. c3 Ne5 15. Bf4 a6 16. Qe2 b5 17. Bxe5 dxe5 18. a4 b4 19. cxb4 Bxb4 20. Rac1 Qb6 21. Qe3 Qxe3 22. fxe3 g6 23. Bf1 a5 24. Bc4 Rfd8 {0-1 El Jawich,A (2296)-Giri,A (2724) 45th Olympiad 2024 (1.6)}) 10... O-O $146 ({RR} 10... Qc7 11. Qe2 Nd7 12. Nb5 Qb8 13. Nd4 e5 14. Nxc6 bxc6 15. Be3 O-O 16. Bh3 Nf6 17. Qd3 Qb4 18. Bg5 Rfd8 19. Bxf6 Bxf6 20. b3 a5 21. Bg2 Qc5 22. a3 Rab8 23. Rfd1 g6 24. c4 Be7 25. Rdb1 {0-1 Sergeev,A (2323)-Shomoev,A (2566) Sibiria Region-ch 2011 (8)}) ({RR} 10... a6 11. e5 dxe5 12. Bxc6+ bxc6 13. Bxe5 O-O 14. Qe2 Nd5 15. Na4 f6 16. Bd4 e5 17. Be3 Qa5 18. b3 Rfd8 19. Rad1 Qc7 20. c4 Nxe3 21. Qxe3 Bf8 22. Qe4 a5 23. g4 Rab8 24. h3 h6 25. Kg2 {1-0 Hammer,J (2635)-Movsesian,S (2654) Chess24 Banter Blitz Cup 2019 (2.3)}) 11. e5 dxe5 12. Bxe5 Qb6 13. Qe2 Bxg2 14. Kxg2 Nd7 15. Bf4 Qxb2 16. Nd5 exd5 17. Qxe7 Qb5 18. Rab1 Qc6 19. Qd6 Nb6 20. Qxc6 bxc6 21. Bc7 Rfc8 22. Bf4 h6 23. h4 Nd7 24. Rfe1 Nf8 25. Be5 c5 26. f4 Nd7 27. Rb7 Nb6 28. Bc7 Nc4 29. Kf2 a6 30. Re7 Re8 31. Rd7 d4 32. f5 Ne3 33. Bd6 Nxf5 34. Bxc5 Rac8 35. Rbc7 Rxc7 36. Rxc7 h5 37. Kf3 g6 38. Kf4 Ng7 39. Rc6 Ne6+ 40. Kf3 Nxc5 41. Rxc5 Re3+ 42. Kf4 Ra3 43. g4 hxg4 44. Kxg4 Rxa2 45. h5 gxh5+ 46. Kxh5 a5 47. Rc4 a4 48. Rxd4 Ra1 49. c4 a3 50. Rg4+ Kf8 51. Rg2 a2 52. Kg4 Ke7 53. Kg3 Kd6 54. Kh2 Rh1+ 55. Kxh1 a1=Q+ 56. Kh2 Qh8+ 57. Kg1 Qd4+ 58. Rf2 Ke6 59. Kg2 Qxc4 0-1

[Event "Olympiad Women 2024"]
[Site "Budapest HUN"]
[Date "2024.09.16"]
[Round "6.15"]
[Board "1"]
[White "Borosova, Zuzana"]
[Black "Bulmaga, Irina"]
[Result "0-1"]
[WhiteElo "2205"]
[BlackElo "2406"]
[PlyCount "74"]
[EventDate "2024.09.11"]
[WhiteTeam "Slovakia"]
[BlackTeam "Romania"]
[WhiteTeamCountry "SVK"]
[BlackTeamCountry "ROU"]

1. e4 e5 2. Nf3 Nc6 3. Bc4 Bc5 4. c3 Nf6 5. d4 exd4 6. b4 Bb6 7. e5 d5 8. exf6 dxc4 9. Qe2+ Be6 10. b5 Nb4 11. cxb4 Qxf6 12. O-O O-O 13. a4 c6 ({RR} 13... a6 14. a5 axb5 15. Na3 d3 16. Qd2 Bd4 17. Nxd4 Qxd4 18. Bb2 Qd5 19. Rae1 c6 20. Re5 Qd7 21. Rfe1 Rae8 22. Nb1 f6 23. R5e3 Bf5 24. Qc3 Rxe3 25. Rxe3 Re8 26. Qd4 Kf7 27. Nd2 Qxd4 28. Bxd4 {½-½ Orozbaev,E (2376)-Short,N (2594) FIDE World Rapid Team 2024 (6.43)}) 14. bxc6 Bd5 $146 ({RR} 14... bxc6 15. a5 Bc7 16. Qe4 Rad8 17. Qxc6 Rc8 18. Qe4 d3 19. Ra3 Bf5 20. Qd4 Qc6 21. Nc3 Rfd8 22. b5 Qg6 23. Qh4 Bd6 24. Ra2 Re8 25. b6 axb6 26. axb6 Rb8 27. Be3 Bb4 28. Nd5 Bf8 29. Rb2 {0-1 Schut,H (2101)-Petesch,G (2330) Titled Tuesday intern op 12th Oct blitz 2021 (3)}) 15. Qe5 Qxe5 16. Nxe5 bxc6 17. Na3 c3 18. Bf4 g5 19. a5 gxf4 20. axb6 axb6 21. Nc2 Rxa1 22. Rxa1 f6 23. Nd3 Bc4 24. Nce1 Rc8 25. Nxf4 c5 26. bxc5 bxc5 27. f3 Bb3 28. Nfd3 c4 29. Nc1 Bd1 30. Kf2 Re8 31. Ra2 Bb3 32. Re2 Rd8 33. Nxb3 cxb3 34. Nd3 Rb8 35. Re1 b2 36. Nxb2 Rxb2+ 37. Kf1 c2 0-1

[Event "Olympiad Women 2024"]
[Site "Budapest HUN"]
[Date "2024.09.16"]
[Round "6.15"]
[Board "2"]
[White "Voicu-Jagodzinsky, Carmen"]
[Black "Repkova, Eva"]
[Result "0-1"]
[WhiteElo "2271"]
[BlackElo "2319"]
[PlyCount "110"]
[EventDate "2024.09.11"]
[WhiteTeam "Romania"]
[BlackTeam "Slovakia"]
[WhiteTeamCountry "ROU"]
[BlackTeamCountry "SVK"]

1. e4 d5 2. exd5 Qxd5 3. Nc3 Qa5 4. d4 Nf6 5. Nf3 Bf5 6. Bc4 e6 7. Bd2 Bb4 8. a3 Bxc3 9. Bxc3 Qb6 10. O-O Nc6 11. a4 a5 12. Ra3 ({RR} 12. h3 O-O 13. Qe2 Rad8 14. Rfd1 Be4 15. Nd2 Bxc2 16. Rdc1 Bg6 17. Nb3 Nd5 18. Bb5 Ncb4 19. Bc4 c6 20. Nc5 Qc7 21. Bb3 Rfe8 22. Rd1 h6 23. Be1 Qb6 24. Qe5 Nf6 25. Rac1 Nbd5 26. Bd2 Nd7 {0-1 Svane,F (2625)-Mamedyarov,S (2726) Titled Tue 2nd Jan Early 2024 (6)}) 12... O-O 13. Ne5 ({RR} 13. h3 Rfd8 14. Rb3 Nb4 15. Qc1 Bxc2 16. Bxb4 Bxb3 17. Bc5 Bxc4 18. Bxb6 Bxf1 19. Qxc7 Nd5 20. Qxd8+ Rxd8 21. Bxd8 Be2 22. Ne5 Bd1 23. Bxa5 Bxa4 24. Bd2 f6 25. Nd3 Kf7 26. Nc5 Bc6 27. f3 b6 {½-½ Xu,Y (2496)-Tristan,L (2536) Titled Tue 10th Sep Early 2024 (10)}) 13... Nxe5 $146 ({RR} 13... Rfd8 14. Rb3 Qa7 15. Nxc6 bxc6 {1-0 Klepek,W (2216)-Diermair,A (2446) European Blitz 2022 (16.91)}) 14. dxe5 Rfd8 15. Qe2 Bg4 16. Qe3 Qxe3 17. fxe3 Nd5 18. Bxd5 Rxd5 19. Bd4 Bf5 20. c4 Rd7 21. Rc3 h6 22. h3 Rad8 23. Rf2 Be4 24. Kh2 c5 25. Bxc5 Rd2 26. Kg3 Rxf2 27. Kxf2 Rd2+ 28. Ke1 Rxb2 29. g3 Rg2 30. Bb6 Rxg3 31. h4 Rg1+ 32. Kf2 Rg2+ 33. Ke1 Ra2 34. Bxa5 Rxa4 35. Bd8 Ra2 36. c5 Rg2 37. Ra3 Kh7 38. Kf1 Kg6 39. Ra4 Rg4 40. Rd4 h5 41. Rd6 Bd5 42. Kf2 Rc4 43. Be7 Kf5 44. Bf8 Kg6 45. Be7 Re4 46. Rb6 Rxe5 47. Rb1 f6 48. Rg1+ Kf7 49. Bd6 Re4 50. Bg3 Rc4 51. Re1 Bc6 52. Re2 Rxc5 53. e4 e5 54. Re3 Rc4 55. Kf3 Ke6 0-1

[Event "Olympiad Women 2024"]
[Site "Budapest HUN"]
[Date "2024.09.16"]
[Round "6.15"]
[Board "3"]
[White "Mrvova, Alena"]
[Black "Lehaci, Miruna-Daria"]
[Result "0-1"]
[WhiteElo "2121"]
[BlackElo "2180"]
[PlyCount "90"]
[EventDate "2024.09.11"]
[WhiteTeam "Slovakia"]
[BlackTeam "Romania"]
[WhiteTeamCountry "SVK"]
[BlackTeamCountry "ROU"]

1. e4 c5 2. Nf3 d6 3. d3 Nc6 4. g3 g6 5. Bg2 Bg7 6. O-O e5 7. c3 Nge7 8. a3 O-O 9. b4 a6 10. Be3 b6 11. Nbd2 h6 ({RR} 11... f5 12. exf5 Nxf5 13. Nxe5 Nxe5 14. Bxa8 h5 15. h4 Nxe3 16. fxe3 Bg4 17. Qb3+ Kh7 18. Be4 Bh6 19. Rxf8 Bxe3+ 20. Rf2 b5 21. Qd5 Qe7 22. Re1 Bxf2+ 23. Kxf2 Be6 24. Qb7 Bd7 25. Nf3 Ng4+ 26. Kg2 {1-0 Aranda,J (2135)-Yagiz,Y (2113) Titled Tue 20th Aug Late 2024 (6)}) 12. Nc4 ({RR} 12. Nb3 Be6 13. Rb1 Rc8 14. Nfd2 f5 15. f4 exf4 16. Bxf4 g5 17. Be3 Bxc3 18. h4 gxh4 19. Bxh6 Bg7 20. Bxg7 Kxg7 21. Qh5 Rf6 22. Rf4 Rh6 23. Qg5+ Ng6 24. Qxd8 Rxd8 25. Rff1 fxe4 26. Nxe4 Nge5 {0-1 Adly,A (2607)-Vidit,S (2721) Wch Blitz Moscow 2019 (7)}) 12... f5 $146 ({RR} 12... b5 13. Ncd2 cxb4 14. axb4 f5 15. Qb3+ Kh8 16. exf5 gxf5 17. Nh4 f4 18. Bxc6 Nxc6 19. Ng6+ Kh7 20. Nxf8+ Qxf8 21. Qd5 Bb7 22. Ne4 Rd8 23. Bb6 Rd7 24. Nc5 {1-0 Mijatovic,D (2177)-Bukal,V (2391) Belgrade-chT 2020 (2.1)}) ({RR} 12... Be6 13. Qc1 Kh7 14. Nfd2 b5 15. Nb2 cxb4 16. axb4 Qd7 17. Ra3 f5 18. f4 d5 19. Nb3 fxe4 20. dxe4 Bh3 21. Nc5 Qc8 22. Nbd3 Bxg2 23. Kxg2 exf4 24. Nxf4 dxe4 25. Nce6 Rf7 26. Nxg7 Rxg7 27. Bc5 {0-1 Sadikhov,U (2490)-Djukic,N (2515) EU-ch Online 2300+ Final 2020 (2)}) 13. exf5 gxf5 14. Qc1 Kh7 15. bxc5 bxc5 16. Nh4 Be6 17. f4 e4 18. Nb2 Na5 19. dxe4 Nb3 20. Qc2 Nxa1 21. Rxa1 Rb8 22. exf5 Nxf5 23. Be4 Qf6 24. Nc4 d5 25. Bxf5+ Bxf5 26. Nxf5 Qxf5 27. Qxf5+ Rxf5 28. Ne5 Rc8 29. Rb1 Bxe5 30. fxe5 Rxe5 31. Rb7+ Kg6 32. Rb6+ Kf5 33. Bxh6 d4 34. Kf2 Ke4 35. Bf4 Rd5 36. c4 Rh5 37. h4 Kd3 38. Rxa6 Kxc4 39. Ke2 Kc3 40. Kd1 c4 41. Rf6 Rb5 42. Bd2+ Kb2 43. a4 Rb3 44. Bc1+ Kb1 45. Rf1 Re8 0-1

[Event "Olympiad Women 2024"]
[Site "Budapest HUN"]
[Date "2024.09.16"]
[Round "6.15"]
[Board "4"]
[White "Ciolacu, Alessia-Mihaela"]
[Black "Bochnickova, Simona"]
[Result "0-1"]
[WhiteElo "2160"]
[BlackElo "2138"]
[PlyCount "73"]
[EventDate "2024.09.11"]
[WhiteTeam "Romania"]
[BlackTeam "Slovakia"]
[WhiteTeamCountry "ROU"]
[BlackTeamCountry "SVK"]

1. c4 c5 2. Nf3 Nc6 3. g3 g6 4. Bg2 Bg7 5. Nc3 e5 6. O-O Nge7 7. a3 O-O 8. d3 d6 9. Rb1 f5 10. Bd2 h6 11. Ne1 ({RR} 11. b4 g5 12. Na4 e4 13. dxe4 fxe4 14. Ne1 cxb4 15. axb4 Be6 16. Bxe4 Bxc4 17. Bc3 d5 18. Bxg7 Kxg7 19. Bg2 Nf5 20. Nc3 d4 21. Ne4 Qe7 22. b5 Ne5 23. Nd3 Rac8 24. Qd2 Bd5 25. Qb4 Rfe8 {0-1 Oboladze,L (2336)-Mikaelyan,A (2479) Tbilisi Gaprindashvili Cup 2019 (5)}) 11... Rb8 12. b4 b6 ({RR} 12... g5 13. Nc2 f4 14. Ne4 b6 15. e3 Be6 16. b5 Na5 17. Bxa5 bxa5 18. Qe2 Qd7 19. d4 exd4 20. exd4 Bg4 21. f3 Bf5 22. dxc5 dxc5 23. Rbd1 Qc7 24. Kh1 Rbe8 25. Nd6 Rd8 26. Nxf5 Nxf5 27. Qe6+ {½-½ Vaz,E (2411)-Afanasieva,A (1914) Titled Tue 23rd Apr Early 2024 (10)}) 13. Nd5 $146 ({RR} 13. b5 Nd4 14. e3 Ne6 15. Qa4 Qc7 16. Nd5 Nxd5 17. Bxd5 Kf7 18. Qd1 Qe7 19. Bc3 Bb7 20. Ng2 Bxd5 21. cxd5 Nc7 22. e4 Qd7 23. a4 a6 24. bxa6 Nxa6 25. f3 Rb7 26. Ne3 Rfb8 27. exf5 gxf5 {½-½ Heimsoth,S (2157)-Rath,A (2047) GER-chT Betriebe 16th 2016 (3.2)}) 13... Nd4 14. f4 Ne6 15. Nc2 exf4 16. gxf4 Nc7 17. b5 Nexd5 18. cxd5 a6 19. bxa6 Bxa6 20. a4 b5 21. axb5 Nxb5 22. Rb3 Qe7 23. e3 Rb7 24. Kh1 Rfb8 25. Re1 Nc7 26. Rxb7 Rxb7 27. e4 Bxd3 28. exf5 Qf6 29. fxg6 Qxg6 30. Ne3 Be4 31. Rg1 Rb1 32. Qe2 Bxg2+ 33. Qxg2 Rxg1+ 34. Kxg1 Qb1+ 35. Qf1 Qe4 36. Qg2 Qxf4 37. Qh3 0-1

[Event "Olympiad Women 2024"]
[Site "Budapest HUN"]
[Date "2024.09.16"]
[Round "6.16"]
[Board "1"]
[White "Rivera, Ingris"]
[Black "Tsolakidou, Stavroula"]
[Result "0-1"]
[WhiteElo "2171"]
[BlackElo "2444"]
[PlyCount "64"]
[EventDate "2024.09.11"]
[WhiteTeam "Colombia"]
[BlackTeam "Greece"]
[WhiteTeamCountry "COL"]
[BlackTeamCountry "GRE"]

1. d4 Nf6 2. c4 g6 3. Nc3 Bg7 4. e4 d6 5. h3 O-O 6. Be3 Nbd7 7. g4 c5 ({RR} 7... e5 8. d5 Nc5 9. f3 a5 10. Nge2 Nfd7 11. h4 f5 12. g5 fxe4 13. fxe4 Nb6 14. Ng3 Rf4 15. Be2 a4 16. Qd2 Bd7 17. O-O-O Qe7 18. Kc2 Bg4 19. Rdf1 Rxf1 20. Rxf1 Qd7 21. Bxc5 dxc5 22. Nd1 {0-1 Bartel,M (2648)-Van Foreest,J (2682) Abu Dhabi Super Blitz op 1st 2020 (11)}) 8. d5 b5 9. cxb5 ({RR} 9. Nxb5 Nxe4 10. Qc2 Qa5+ 11. Bd2 Nxd2 12. Qxd2 Qxd2+ 13. Kxd2 Bxb2 14. Rb1 Bg7 15. h4 a6 16. Nc3 Ne5 17. g5 Bf5 18. Rb7 Rfb8 19. Rxb8+ Rxb8 20. Nd1 Rb1 21. Ne3 Be4 22. Rh2 Rb2+ 23. Kc1 Rxa2 {0-1 Golsefidy,S (2018)-Assaubayeva,B (2472) Titled Tue 30th Jul Late 2024 (8)}) 9... a6 10. a4 $146 ({RR} 10. bxa6 Bxa6 11. Bxa6 Rxa6 12. Qe2 Qa5 13. Bd2 Rb8 14. Rb1 Raa8 15. Nf3 Ne8 16. O-O Nc7 17. Bf4 Bxc3 18. bxc3 Qxc3 19. Rxb8+ Rxb8 20. e5 Nxd5 21. Bg3 Rb2 22. Qe4 e6 23. exd6 Rb4 24. Qe2 Rb2 {1-0 Ribeiro,M (2184)-Nik,K (2034) Titled Tuesday intern op 28th Apr blitz 2020 (6)}) ({RR} 10. bxa6 Bxa6 11. Bxa6 Rxa6 12. Nf3 Nb6 13. Qe2 Qa8 14. O-O Rb8 15. Bg5 Na4 16. Bc1 Nd7 17. Nxa4 Rxa4 18. a3 Qb7 19. Rd1 Bxb2 20. Rb1 Qb3 21. Rxb2 Qc3 22. Rxb8+ Nxb8 23. e5 dxe5 24. Bb2 Qb3 {1-0 Garriga Cazorla,P (2448)-Yuruultei Batbaatar (1433) Titled Tue 5th Sep Early 2023 (1)}) 10... Qa5 11. Bd2 axb5 12. Nxb5 Qb6 13. Qc2 Ba6 14. Rb1 e6 15. g5 Nh5 16. Bc4 Ne5 17. Be2 exd5 18. exd5 Bc8 19. Qb3 Bf5 20. Ra1 Rfe8 21. Kf1 Be4 22. Rh2 c4 23. Qe3 Qxb5 24. axb5 Rxa1+ 25. Bc1 Nd3 26. f3 Rxc1+ 27. Kg2 Nhf4+ 28. Kh1 Nxd5 29. Qd2 Bd4 30. Rg2 Be3 31. Bxd3 cxd3 32. fxe4 Bxd2 0-1

[Event "Olympiad Women 2024"]
[Site "Budapest HUN"]
[Date "2024.09.16"]
[Round "6.16"]
[Board "2"]
[White "Avramidou, Anastasia"]
[Black "Argote Heredia, Valentina"]
[Result "1-0"]
[WhiteElo "2290"]
[BlackElo "2144"]
[PlyCount "91"]
[EventDate "2024.09.11"]
[WhiteTeam "Greece"]
[BlackTeam "Colombia"]
[WhiteTeamCountry "GRE"]
[BlackTeamCountry "COL"]

1. d4 Nf6 2. c4 e6 3. Nf3 d5 4. Nc3 Bb4 5. g3 O-O 6. Bg2 c5 7. cxd5 Nxd5 8. Bd2 cxd4 9. Nxd5 Bxd2+ 10. Qxd2 Qxd5 11. Qxd4 Qa5+ ({RR} 11... Qb5 12. a4 Qa6 13. b4 Nc6 14. Qc3 Rd8 15. O-O Qxe2 16. b5 Ne7 17. Qa3 Nd5 18. Rac1 Qe4 19. Rfd1 Bd7 20. Nd4 {½-½ Sasikiran,K (2694)-Nguyen,A (2496) WMSG Rapid Team 1st 2008 (2)}) 12. Qd2 Qb6 13. O-O Rd8 14. Qc2 $146 ({RR} 14. Qc3 Nc6 15. Rfd1 Bd7 16. Ne5 {½-½ Ris,R (2394)-Miedema,D (2373) NED-chT 1213 2012 (3.2)}) ({RR} 14. Qf4 Nc6 15. Rfd1 Bd7 16. h4 Be8 17. b3 h6 18. g4 Rxd1+ 19. Rxd1 Rd8 20. Rd2 Rxd2 21. Qxd2 Qc5 22. g5 hxg5 23. hxg5 Kf8 24. e3 Ke7 25. Qb2 Kf8 26. e4 e5 27. Bh3 Ke7 28. Kg2 a5 {1-0 Rasulov,V (2539)-Kleiman,J (2399) Titled Tue 30th Jul Late 2024 (2)}) 14... h6 15. Ne5 Nd7 16. Nc4 Qb4 17. Rfd1 Qe7 18. Qd2 Rf8 19. Rac1 Nf6 20. Qa5 Nd5 21. e4 b6 22. Qd2 Nf6 23. e5 Nd5 24. Nd6 Ba6 25. b4 Rad8 26. Bxd5 exd5 27. Qxd5 Be2 28. Rd4 Bh5 29. Re1 Kh8 30. Re3 Qc7 31. Qc4 Qe7 32. Nf5 Qg5 33. Rxd8 Rxd8 34. Nd6 Qe7 35. Qd5 Qc7 36. Kg2 Bg6 37. b5 Qe7 38. f4 f6 39. f5 Bh5 40. Rd3 Kh7 41. e6 Be2 42. Rd2 Bxb5 43. Qxb5 Rxd6 44. Rxd6 Qxd6 45. Kh3 a6 46. Qd7 1-0

[Event "Olympiad Women 2024"]
[Site "Budapest HUN"]
[Date "2024.09.16"]
[Round "6.16"]
[Board "3"]
[White "Chirivi C, Jenny Astrid"]
[Black "Pavlidou, Ekaterini"]
[Result "1/2-1/2"]
[WhiteElo "2120"]
[BlackElo "2141"]
[PlyCount "90"]
[EventDate "2024.09.11"]
[WhiteTeam "Colombia"]
[BlackTeam "Greece"]
[WhiteTeamCountry "COL"]
[BlackTeamCountry "GRE"]

1. d4 Nf6 2. c4 e6 3. Nc3 Bb4 4. Qc2 c5 5. dxc5 O-O 6. a3 Bxc5 7. Nf3 b6 8. Bg5 h6 9. Bh4 Be7 ({RR} 9... Bb7 10. e4 g5 11. Bg3 Nc6 12. Rd1 {½-½ Ivanisevic,I (2550)-Crisan,A (2635) Kladovo 2001 (5)}) 10. e4 ({RR} 10. e3 Bb7 11. Be2 d6 12. O-O Nbd7 13. Rfd1 a6 14. Rac1 Rc8 15. Nd4 Ne5 16. b3 Qc7 17. Qb2 Rfd8 18. f3 Qb8 19. e4 Ng6 20. Bf2 Nf4 21. Bf1 d5 22. e5 Qxe5 23. cxd5 N6xd5 24. Ne4 Nf6 {1-0 Pesotskiy,M (2136)-Buchenau,F (2175) Titled Tue 6th Feb Late 2024 (9)}) 10... Nc6 11. Rd1 a6 $146 ({RR} 11... Nh5 12. Bxe7 Nxe7 13. g3 a6 14. Bg2 Qc7 15. Qd3 Ng6 16. O-O Rb8 17. b3 Rd8 18. Qd6 Qa7 19. e5 Bb7 20. Qd4 f5 21. Ne2 Qa8 22. Ne1 d6 23. exd6 e5 24. Bxb7 Qxb7 25. Qd3 e4 26. Qd4 {1-0 Yu,J (2268)-Kursova,M (2289) Olympiad Women-43 2018 (7.1)}) 12. Be2 Nh5 13. Bg3 Nxg3 14. hxg3 Qc7 15. O-O Rd8 16. Nd5 exd5 17. cxd5 Bb7 18. dxc6 dxc6 19. e5 c5 20. Qf5 Bd5 21. Rfe1 Qc6 22. Bd3 g6 23. Qf4 Bf8 24. e6 Bxe6 25. Ne5 Qe8 26. Ng4 Bg7 27. Nxh6+ Kh7 28. Ng4 Qe7 29. Ne5 Rd4 30. Qf3 Bd5 31. Qh5+ Kg8 32. Nxg6 fxg6 33. Qxd5+ Rxd5 34. Rxe7 Kf8 35. Re3 Bxb2 36. Rb1 Rad8 37. Rf3+ Kg7 38. Bc2 Bf6 39. Rxb6 R8d6 40. Rb7+ Rd7 41. Rb6 R7d6 42. Rb7+ Rd7 43. Rxd7+ Rxd7 44. Bd3 a5 45. Kf1 Rb7 1/2-1/2

[Event "Olympiad Women 2024"]
[Site "Budapest HUN"]
[Date "2024.09.16"]
[Round "6.16"]
[Board "4"]
[White "Makropoulou, Marina"]
[Black "Lopez Rayo, Isabella"]
[Result "1/2-1/2"]
[WhiteElo "2103"]
[BlackElo "1952"]
[PlyCount "68"]
[EventDate "2024.09.11"]
[WhiteTeam "Greece"]
[BlackTeam "Colombia"]
[WhiteTeamCountry "GRE"]
[BlackTeamCountry "COL"]

1. e4 c5 2. Nf3 d6 3. Bb5+ Nd7 4. O-O a6 5. Bxd7+ Bxd7 6. d4 cxd4 7. Qxd4 e5 8. Qd3 b5 9. Rd1 h6 10. Nc3 Nf6 11. a4 b4 12. Nd5 $146 ({RR} 12. Ne2 Be7 13. Ng3 O-O 14. Nh4 Nxe4 15. Nxe4 Bxh4 16. Nxd6 Bg4 17. f3 Be6 18. Be3 Qc7 19. a5 Be7 20. Bb6 Qc6 21. c3 bxc3 22. Qxc3 Qxc3 23. bxc3 Bxd6 24. Rxd6 Rfc8 25. Ra3 Kf8 26. Kf2 Ke7 {½-½ Frayna,J (2265)-Druzhinina,O (2245) World Rapid Women 2022 (4.38)}) 12... Nxd5 13. Qxd5 Be7 14. Be3 Qc8 15. Qd2 Qb7 16. Qd3 Rd8 17. Nd2 Bc6 18. c4 bxc3 19. Qxc3 O-O 20. f3 d5 21. Qxe5 Bf6 22. Qg3 dxe4 23. Nxe4 Bxe4 24. fxe4 Rxd1+ 25. Rxd1 Qxe4 26. b3 Re8 27. Bf2 Rc8 28. Re1 Qc2 29. Qe3 a5 30. h3 Bg5 31. Qf3 Bf6 32. Qe3 Bg5 33. Qf3 Bf6 34. Qe3 Bg5 1/2-1/2

[Event "Olympiad Women 2024"]
[Site "Budapest HUN"]
[Date "2024.09.16"]
[Round "6.17"]
[Board "2"]
[White "Klinova, Masha"]
[Black "Zhang, Jilin"]
[Result "1/2-1/2"]
[WhiteElo "2227"]
[BlackElo "2155"]
[PlyCount "65"]
[EventDate "2024.09.11"]
[WhiteTeam "Israel"]
[BlackTeam "Australia"]
[WhiteTeamCountry "ISR"]
[BlackTeamCountry "AUS"]

1. e4 c5 2. Nf3 d6 3. Bb5+ Nd7 4. O-O a6 5. Bxd7+ Bxd7 6. d4 cxd4 7. Qxd4 e5 8. Qd3 h6 9. c4 b5 10. Nfd2 Nf6 11. Nc3 b4 ({RR} 11... Qb8 12. b3 Be7 13. a4 bxa4 14. Nxa4 O-O 15. Nc3 Rc8 16. Ba3 a5 17. Rfd1 Rc6 18. Rab1 Rb6 19. Na4 Rb7 20. Qc2 Qc7 21. Nf1 Bxa4 22. bxa4 Rxb1 23. Rxb1 Qc6 24. f3 Bd8 25. Qb3 Nd7 26. Qb5 {½-½ Klinova,M (2291)-Ushenina,A (2492) EU-chT (Women) 19th 2013 (4.2)}) 12. Nd5 Nxd5 13. Qxd5 ({RR} 13. cxd5 Rc8 14. b3 Bb5 15. Nc4 Qc7 16. Bd2 Bxc4 17. bxc4 Qxc4 18. Qh3 Rd8 19. Rfe1 Be7 20. Qb3 Rc8 21. Qa4+ Qb5 22. Qxb5+ axb5 23. Bxb4 Rc4 24. a3 Kd7 25. Rab1 Rhc8 26. g3 g6 27. Bd2 Ra4 {½-½ Nazari,A (2370)-Palencia,W (2188) Titled Tue 16th Apr Early 2024 (11)}) 13... Be7 14. a3 $146 ({RR} 14. Re1 O-O 15. Nf1 Be6 16. Qd3 Qa5 17. Ne3 Bg5 18. b3 Rfd8 19. Rd1 Bxe3 20. Bxe3 Qc7 21. a3 bxa3 22. Rxa3 Qc6 23. Ra5 Rd7 24. f3 Rdd8 25. Rda1 Bc8 26. Rxe5 dxe5 27. Qxd8+ Kh7 28. Qd5 Qxd5 {½-½ Olsarova,K (2247)-Womacka,M (2427) Teplice op 7th 2012 (6)}) 14... bxa3 15. b3 O-O 16. Bxa3 Be6 17. Qd3 Qb6 18. Kh1 a5 19. f3 Rfc8 20. Rfd1 Qc6 21. Rac1 Qa6 22. Rc3 Rc6 23. Ra1 Bd8 24. Bb2 Qb7 25. Rc2 Rca6 26. Bc3 Bg5 27. Rca2 Bxd2 28. Bxd2 Qc7 29. h3 a4 30. Rxa4 Rxa4 31. Rxa4 Rxa4 32. bxa4 Qxc4 33. Qxc4 1/2-1/2

[Event "Olympiad Women 2024"]
[Site "Budapest HUN"]
[Date "2024.09.16"]
[Round "6.17"]
[Board "3"]
[White "Nguyen, Thu Giang"]
[Black "Orian, Noga"]
[Result "1/2-1/2"]
[WhiteElo "2068"]
[BlackElo "2187"]
[PlyCount "111"]
[EventDate "2024.09.11"]
[WhiteTeam "Australia"]
[BlackTeam "Israel"]
[WhiteTeamCountry "AUS"]
[BlackTeamCountry "ISR"]

1. e4 c5 2. Nf3 e6 3. c3 Nf6 4. Bd3 Nc6 5. Bc2 Qc7 6. d4 ({RR} 6. O-O d5 7. exd5 Nxd5 8. d4 cxd4 9. Nxd4 Nxd4 10. Qxd4 Bd7 11. Nd2 Bc6 12. Nf3 a6 13. Ne5 O-O-O 14. Nxc6 Qxc6 15. Be4 Qc5 16. Qa4 Bd6 17. Bf3 Bc7 18. g3 h5 19. Qb3 h4 20. c4 hxg3 {½-½ Matlakov,M (2674)-Saric,I (2695) Chess.com Rapid Wk10 Swiss 2022 (8)}) 6... cxd4 7. Nxd4 $146 ({RR} 7. cxd4 Nb4 8. Nc3 Nxc2+ 9. Qxc2 Bb4 10. O-O O-O 11. Bg5 Nh5 12. Rac1 f6 13. Be3 d5 14. exd5 Bxc3 15. dxe6 Bxe6 16. Qxc3 Qf7 17. b3 Bd5 18. Nd2 Qg6 19. f3 Rfe8 20. Kh1 f5 21. Rfe1 f4 {1-0 Gottlieb,E (1894)-Feng,R (1764) Washington Class-ch A 2009 (3)}) ({RR} 7. cxd4 Nb4 8. Nc3 Nxc2+ 9. Qxc2 d5 10. e5 Ne4 11. O-O Nxc3 12. bxc3 Bd7 13. a4 Rc8 14. Bd2 Be7 15. h4 h6 16. g3 O-O 17. Kg2 a5 18. Rh1 Qc4 19. Rh2 h5 20. g4 hxg4 21. Ng5 g6 {1-0 Willy,S (2046)-Xie,B (2281) See Chess IM2 2024 (8.4)}) ({RR} 7. cxd4 Nb4 8. Nc3 Nxc2+ 9. Qxc2 b5 10. a3 Bb7 11. e5 Ne4 12. Bd2 Nxc3 13. Bxc3 Be7 14. Qd3 Qc6 15. O-O a5 16. Rfc1 Qd5 17. Qd2 Bd8 18. Ne1 Bb6 19. Rd1 O-O 20. Kh1 d6 21. f3 Rfd8 {0-1 Kopica,P (1932)-Lewtak,D (2354) Rubinstein Memorial-A 55th 2019 (2)}) 7... a6 8. a4 b6 9. Be3 Bb7 10. Nd2 Ne5 11. Qe2 Rc8 12. f3 d5 13. Bg5 dxe4 14. Nxe4 Nd5 15. Rd1 Be7 16. Bc1 Ng6 17. g3 Ne5 18. O-O Nc6 19. Nb3 h6 20. Rfe1 Rd8 21. Nf2 Kf8 22. Bd3 a5 23. Be4 h5 24. Bxd5 Rxd5 25. Rxd5 exd5 26. Bf4 Qd8 27. Nd4 Nxd4 28. cxd4 g5 29. Bd2 Bd6 30. Nh3 Rg8 31. Qd3 Qf6 32. Qe3 Be7 33. Rc1 Qd6 34. Qd3 Bc6 35. b3 Bd7 36. Nf2 Rg6 37. Nd1 Kg8 38. Ne3 Bf6 39. Kg2 Qe6 40. g4 hxg4 41. fxg4 Qd6 42. Rf1 Bd8 43. Be1 Be6 44. Bg3 Qd7 45. h3 Bc7 46. Nf5 Bxg3 47. Qxg3 Kh7 48. Qe5 Qd8 49. Ng3 Qc8 50. Qe3 Qc2+ 51. Rf2 Qd1 52. Rf1 Qc2+ 53. Rf2 Qd1 54. Ne2 Kg8 55. Ng3 Kh7 56. Rf1 1/2-1/2